Statistics for iCarly Theme Song Lyrics

Click here to take the quiz!

General Stats

  • This quiz has been taken 1,788 times
  • The average score is 26 of 30

Answer Stats

Answer% Correct
i
98%
i
98%
know
94%
know
94%
so
94%
so
94%
you
94%
me
93%
the
93%
see
92%
wonderful
92%
wonderful
92%
and
90%
and
90%
be
90%
world
89%
somehow
87%
somehow
87%
change
85%
for
85%
get
85%
there
85%
gonna
83%
live
83%
life
82%
air
81%
will
81%
we're
79%
breathe
78%
feel
70%

Score Distribution

Percentile by Number Answered

Percent of People with Each Score

Your Score History

You have not taken this quiz